| 000 | 00566nam a2200157Ia 4500 | ||
|---|---|---|---|
| 008 | 151213s9999 xx 000 0 und d | ||
| 100 | _aএম শফিউল্লাহ। | ||
| 245 |
_aতথ্য তথ্যায়ন ও তথ্য প্রযুক্তি। _cএম শফিউল্লাহ। |
||
| 250 | _a১ম স | ||
| 260 |
_aঢাকা _bবুক ওয়ার্ল্ড। _c2000 |
||
| 300 | _a3465 p. | ||
| 650 | _aBangla | ||
| 650 | _aবিজ্ান। | ||
| 700 | _aএম শফিউল্লাহ। | ||
| 999 |
_c2291 _d2291 |
||